000 00289nam a2200109Ia 4500
001 1261060
005 20260417140344.0
008 260417s9999 xx 000 0 und d
020 _a9786051858012
245 0 _aYahya Kemal’e Veda
_cAbdülhak Şinasi Hisar
260 _bEverest Yayınları
999 _c1261060
_d1261060